000
00345 a2200157 4500
001
151304
040
_c
Escola São Tomás de Aquino
100
_a
BELINKY, Tatiana
240
1
0
_a
As três respostas
_l
por
245
1
0
_a
As três respostas
300
_a
24
362
0
_a
2001
440
1
_a
FTD
697
_a
*LITERATURA INFANTO
942
_c
BK
999
_c
151304
_d
151304